00476nam a2200157Ia 450000500170000000800410001708200130005810000230007124500230009426000430011730000130016050000250017394200060019895200990020499900150030320250401081948.0240331s9999 xx 000 0 und d bTHAa894 aThalaiyasingham, M 0aKalaignanin thakam aCoiambatorebParijaatham Achagamc1985 a142 p ., aKalai - Ilakiya nool cL 001040708LaWERCLbWERCLcSSCd2024-03-31l0o 894.811 THAp1563r2024-03-31w2024-03-31yL c4011d4011